Thirty years of regeneration in France, Germany and Britain (Record no. 80397)
[ view plain ]
| 000 -LEADER | |
|---|---|
| fixed length control field | 01233cab a22002535a 4500 |
| 001 - CONTROL NUMBER | |
| control field | L144227 |
| 008 - FIXED-LENGTH DATA ELEMENTS--GENERAL INFORMATION | |
| fixed length control field | 080704s2008 xxko f 000 0 eng d |
| 035 ## - SYSTEM CONTROL NUMBER | |
| System control number | (Sirsi) u144227 |
| 041 0# - LANGUAGE CODE | |
| Language code of text/sound track or separate title | eng |
| 100 1# - MAIN ENTRY--PERSONAL NAME | |
| Personal name | Couch, Chris |
| 245 00 - TITLE STATEMENT | |
| Title | Thirty years of regeneration in France, Germany and Britain |
| Remainder of title | part 1 - spatial, institutional and urban context |
| 260 ## - PUBLICATION, DISTRIBUTION, ETC. | |
| Date of publication, distribution, etc. | 2008 |
| 490 ## - SERIES STATEMENT | |
| Series statement | Town & Country Planning |
| Volume/sequential designation | 77(6), 187-192(6) |
| 520 ## - SUMMARY, ETC. | |
| Summary, etc. | First of two articles exploring the thirty years of urban regeneration in Britain following the Inner Urban Areas Act (1978). Compares the British experience of regeneration with those of France and Germany and looks at the emergence of urban regeneration policies in these countries, in their spatial and institutional contexts. In addition to discussing policy differences, the article comments on the nature of urban areas and key issues for regeneration and neighbourhood renewal in the areas discussed. |
| 590 ## - LOCAL NOTE (RLIN) | |
| Local note | KA |
| 650 24 - SUBJECT ADDED ENTRY--TOPICAL TERM | |
| Topical term or geographic name entry element | INNER URBAN AREAS ACT 1978 |
| 650 24 - SUBJECT ADDED ENTRY--TOPICAL TERM | |
| Topical term or geographic name entry element | REGIONAL DEVELOPMENT AGENCIES |
| 651 #4 - SUBJECT ADDED ENTRY--GEOGRAPHIC NAME | |
| Geographic name | FRANCE |
| 651 #4 - SUBJECT ADDED ENTRY--GEOGRAPHIC NAME | |
| Geographic name | GERMANY |
| 651 #4 - SUBJECT ADDED ENTRY--GEOGRAPHIC NAME | |
| Geographic name | UNITED KINGDOM |
| 690 ## - LOCAL SUBJECT ADDED ENTRY--TOPICAL TERM (OCLC, RLIN) | |
| Topical term or geographic name as entry element | PROPERTY-PROPERTY MANAGEMENT-REGENERATION |
| 700 1# - ADDED ENTRY--PERSONAL NAME | |
| Personal name | Sykes, Olivier |
| 942 ## - ADDED ENTRY ELEMENTS (KOHA) | |
| Suppress in OPAC | 0 |
| Withdrawn status | Lost status | Source of classification or shelving scheme | Damaged status | Not for loan | Home library | Current library | Shelving location | Date acquired | Total Checkouts | Full call number | Barcode | Date last seen | Copy number | Price effective from | Koha item type |
|---|---|---|---|---|---|---|---|---|---|---|---|---|---|---|---|
| Dewey Decimal Classification | London | London | Journal article | 04/07/2008 | L144227 | 144227-1001 | 06/08/2019 | 1 | 06/08/2019 | Journal article |